| 000 | 00747nam a2200217Ia 4500 | ||
|---|---|---|---|
| 003 | GCL | ||
| 005 | 20240530103137.0 | ||
| 008 | 140319s9999 xx 000 0 ara d | ||
| 040 |
_aGCL / _cGCL |
||
| 082 | 0 | 4 |
_a348.05 _bم م |
| 100 | 1 | _aمصطفى الشاذلى | |
| 245 | 1 | 0 |
_aموسوعة اسباب الحراسة والجزء السياسى فى قانون المدعى العام الاشتراكى / _cمصطفى الشاذلى |
| 260 |
_a[S.N] : _bدار المطبوعات الجامعية |
||
| 300 | _a692 ص | ||
| 650 | 0 | 4 | _aالقانون |
| 650 | 0 | 4 | _aالامن القومى |
| 650 | 0 | 4 | _aتنفيذ الاحكام |
| 650 | 0 | 4 | _aالحراسة على الاموال |
| 650 | 0 | 4 | _aالنائب العام |
| 942 |
_2ddc _cBK |
||
| 999 |
_c37139 _d37139 |
||